000 01186cad a22002535a 4500
001 L151300
008 101018e20101008xxkd f s 000 0 eng d
035 _a(Sirsi) u151300
041 0 _aeng
050 0 4 _a333.33 $2 18
110 2 _aRoyal Institution of Chartered Surveyors
_bEconomics
_95033
245 0 0 _aRICS global real estate weekly
_b8 October 2010
_h[electronic resource]
260 _aLondon
_bRICS
_c2010
490 0 _aRICS Global Real Estate Weekly
_v8 October 2010
520 _aIndia inflation path key to stable property slowdown. Hong Kong Chief Executive to call for sustainable housing market. Subdued outlook in the medium term for German inflation and house prices. South Korea's strong recovery moderates.
590 _aKA
650 2 4 _aRICS GLOBAL REAL ESTATE WEEKLY
651 4 _aInternational
690 _aBUILT ENVIRONMENT-CONSTRUCTION MARKET
690 _aPROPERTY-COMMERCIAL PROPERTY-COMMERCIAL PROPERTY MARKET
690 _aPROPERTY-RESIDENTIAL PROPERTY-RESIDENTIAL PROPERTY MARKET
856 4 0 _uhttps://www.rics.org/site/download_feed.aspx?fileID=7582&fileExtension=PDF
_zView the report free of charge (PDF file) at www.rics.org
942 _n0
999 _c111289
_d111289